Michal Meško: "Treba nájsť podstatu dobrého nápadu a zú rozvíjať"

Rozhovor s Michalom Meškom, mladým podnikateľom, ktorý vedie slovenské kníhkupectvo Martinus.

Guardado en:
Detalles Bibliográficos
Autor principal: Gáliková, Mona
Formato: Capítulo de libro
Lenguaje:eslovaco
Materias:
Etiquetas: Agregar Etiqueta
Sin Etiquetas, Sea el primero en etiquetar este registro!

MARC

LEADER 00000naa a2200000 4500
001 0149869
005 20230912101624.1
041 0 |a slo 
044 |a SK 
245 1 0 |a Michal Meško: "Treba nájsť podstatu dobrého nápadu a zú rozvíjať"  |c Mona Gáliková 
520 |a Rozhovor s Michalom Meškom, mladým podnikateľom, ktorý vedie slovenské kníhkupectvo Martinus. 
610 2 0 |a podnikatelia 
610 2 0 |a stratégia podnikateľská 
610 2 0 |a rozhodovanie 
610 2 0 |a stratégia inovačná 
610 2 0 |a zámery podnikateľské 
610 2 0 |a podnikanie obchodné 
100 1 |a Gáliková, Mona